| 000 | 00348nam a2200133Ia 4500 | ||
|---|---|---|---|
| 008 | 150301s2012 xx 000 0 und d | ||
| 082 |
_a617.632 _bC12N |
||
| 100 | _aNEWMAN ,MICHAEL | ||
| 245 | _aCARRANZA'S CLINICAL PERIODONTOLOGY | ||
| 260 |
_bELSEVIER PUBLICATION _aDELHI _c2012 |
||
| 300 | _a1-475 | ||
| 650 | _aPERIODONTICS | ||
| 942 |
_2ddc _cBK _015 |
||
| 999 |
_c6927 _d6927 |
||